| 000 | 00652 a2200181 4500 | ||
|---|---|---|---|
| 999 |
_c112 _d112 |
||
| 008 | 210811b ||||| |||| 00| 0 eng d | ||
| 020 | _a9781408176030 | ||
| 082 | 0 | 0 |
_a623.9 _bL3998 |
| 100 | _aLavers, Christopher | ||
| 245 |
_aReeds Vol 7: Advanced electrotechnology for marine engineers / _cby Christopher Lavers and Edmund G.R. Kraal |
||
| 260 |
_aNew Delhi: _bAdlard Coles Nautical, _c2014. |
||
| 300 | _axiv, 527 p. | ||
| 490 | 0 |
_aReeds Marine Engineering and Technology; _vV. 7 |
|
| 500 | _aAdlard Coles Nautical (an imprint of Bloomsbury Publishing) | ||
| 650 | 0 | _aMarine Engineering | |
| 700 |
_91274 _aKraal, Edmund G. R. |
||
| 942 |
_2ddc _cBK |
||